[Event "Sant Andreu Tram-C"]
[Site "Barcelona"]
[Date "2019.10.19"]
[Round "5.1"]
[White "Gonzalez Muelas, Javier"]
[Black "Lobo Pereira, Arami"]
[Result "0-1"]
[WhiteElo "1661"]
[BlackElo "1542"]
[PlyCount "46"]
[EventDate "2019.09.14"]
[EventType "tourn"]
[EventRounds "9"]
[EventCountry "ESP"]
[SourceTitle "EXT 2024"]
[Source "ChessBase"]
[SourceDate "2023.10.10"]
[SourceVersion "1"]
[SourceVersionDate "2023.10.10"]
[SourceQuality "1"]

1. e4 c5 2. Nf3 d6 3. d4 cxd4 4. Nxd4 Nf6 5. Nc3 a6 6. Be2 e5 7. Nb3 Be7 8. Be3 Be6 9. f3 Nbd7 10. 0-0 0-0 11. Qe1 b5 12. Rd1 Qc7 13. Rd2 Nb6 14. Qf2 Rab8 15. Rfd1 Nc4 16. Bxc4 bxc4 17. Nc1 Rxb2 18. N1e2 Rfb8 19. Bg5 Ng4 20. fxg4 Bxg5 21. Rxd6 Be7 22. Nd5 Qxd6 23. Nf6+ gxf6 0-1

[Event "Barcelona La Lira op 12th"]
[Site "Barcelona"]
[Date "2019.05.16"]
[Round "6"]
[White "Gonzalez Muelas, Javier"]
[Black "Vallbona Domingo, Joan"]
[Result "0-1"]
[WhiteElo "1608"]
[BlackElo "1888"]
[PlyCount "112"]
[EventDate "2019.04.04"]
[EventType "swiss"]
[EventRounds "9"]
[EventCountry "ESP"]
[SourceTitle "CBM 190 Extra"]
[Source "ChessBase"]
[SourceDate "2019.07.15"]
[SourceVersion "1"]
[SourceVersionDate "2019.07.15"]
[SourceQuality "1"]

1. e4 c5 2. Nf3 e6 3. d4 cxd4 4. Nxd4 a6 5. c4 Nf6 6. Nc3 Bb4 7. Bd3 Nc6 8. Nxc6 dxc6 9. Qc2 e5 10. a3 Be7 11. b4 0-0 12. c5 a5 13. Bb2 axb4 14. axb4 Rxa1+ 15. Bxa1 Qd4 16. Qb1 Qd8 17. Nd1 b6 18. Bxe5 bxc5 19. bxc5 Bxc5 20. 0-0 Ng4 21. Bg3 h5 22. h3 h4 23. Bf4 Qf6 24. Qc1 Ne5 25. Bb1 Bd6 26. Bg5 Qe6 27. Qe3 Ba6 28. Re1 Nc4 29. Qa7 Bb5 30. Qd4 Be5 31. Qd3 Ra8 32. Qf3 f6 33. Bc1 Ra1 34. Qd3 Nd6 35. Qc2 Ba4 36. Qd3 g5 37. Bb2 Bb5 38. Qc2 Ra4 39. Bxe5 Qxe5 40. Nc3 Ra6 41. Nxb5 Nxb5 42. Ba2+ Kg7 43. Qc4 Qe8 44. Rd1 Ra3 45. Bb3 Ra7 46. Rc1 Nd6 47. Qc5 Qb8 48. Qxc6 Nxe4 49. Be6 Qf4 50. Qc2 Re7 51. Bg4 Nxf2 52. Qxf2 Qxc1+ 53. Kh2 Re1 54. g3 hxg3+ 55. Kxg3 Re3+ 56. Kg2 Qe1 0-1

[Event "Barcelona Primavera La Lira op 11th"]
[Site "Barcelona"]
[Date "2018.05.24"]
[Round "7"]
[White "Gonzalez Muelas, Javier"]
[Black "Bieg Pagel, Clemens"]
[Result "0-1"]
[WhiteElo "1685"]
[BlackElo "1849"]
[PlyCount "64"]
[EventDate "2018.04.12"]
[EventType "swiss"]
[EventRounds "9"]
[EventCountry "ESP"]
[SourceTitle "CBM 184 Extra"]
[Source "ChessBase"]
[SourceDate "2018.06.28"]
[SourceVersion "1"]
[SourceVersionDate "2018.06.28"]
[SourceQuality "1"]

1. Nf3 Nf6 2. d4 e6 3. e3 d5 4. Bd3 c5 5. b3 Nc6 6. Bb2 cxd4 7. exd4 Bd7 8. Nbd2 Nb4 9. Be2 Rc8 10. c3 Nc6 11. Bd3 Bd6 12. Qe2 0-0 13. Ne5 g6 14. 0-0 Nh5 15. f4 Ng7 16. Rae1 Rc7 17. c4 Nf5 18. Ndf3 b6 19. g4 Ng7 20. cxd5 exd5 21. Qg2 Ne6 22. f5 Nf4 23. Qg3 Nxd3 24. Qg2 Nxe1 25. Rxe1 f6 26. Nd3 Re8 27. Rf1 Nb4 28. Nxb4 Bxb4 29. fxg6 hxg6 30. Nh4 Re4 31. h3 Bb5 32. Rf2 Re1+ 0-1

[Event "Barcelona Ideal Clave op 20th"]
[Site "Barcelona"]
[Date "2016.10.08"]
[Round "2"]
[White "Lopez Abaurrea, Eduardo"]
[Black "Gonzalez Muelas, Javier"]
[Result "0-1"]
[WhiteElo "1490"]
[BlackElo "1685"]
[PlyCount "80"]
[EventDate "2016.10.01"]
[EventType "swiss"]
[EventRounds "8"]
[EventCountry "ESP"]
[SourceTitle "EXT 2018"]
[Source "ChessBase"]
[SourceDate "2017.10.13"]
[SourceVersion "1"]
[SourceVersionDate "2017.10.13"]
[SourceQuality "1"]

1. d4 d5 2. c4 c6 3. cxd5 cxd5 4. Nc3 Nf6 5. a3 a6 6. Nf3 Bf5 7. Bf4 e6 8. Bg5 Be7 9. e3 0-0 10. Be2 Nbd7 11. 0-0 Rc8 12. Bd3 Bg4 13. Be2 b5 14. Nh4 Bxe2 15. Qxe2 h6 16. Bxf6 Bxf6 17. Nf3 Nb6 18. Nd2 Qd6 19. Rfc1 Rc7 20. Rc2 Rfc8 21. Rac1 e5 22. dxe5 Bxe5 23. Ndb1 Bxh2+ 24. Kh1 Be5 25. Qd2 Qg6 26. f4 Bf6 27. Qe2 d4 28. exd4 Bxd4 29. g4 Nd5 30. Nxd5 Rxc2 31. Rxc2 Qxc2 32. Ndc3 Qxe2 33. Nxe2 Bxb2 34. Kg2 Rd8 35. Kf3 Rd1 36. Nbc3 Bxc3 37. Kf2 Rd2 38. Ke3 Rxe2+ 39. Kxe2 Kf8 40. Kd3 Bb2 0-1

[Event "Foment Martinenc op-A 18th"]
[Site "Barcelona"]
[Date "2016.06.04"]
[Round "7"]
[White "Alvarez Albiol, Victor"]
[Black "Gonzalez Muelas, Javier"]
[Result "1-0"]
[WhiteElo "1967"]
[BlackElo "1711"]
[PlyCount "37"]
[EventDate "2016.04.23"]
[EventType "swiss"]
[EventRounds "9"]
[EventCountry "ESP"]
[SourceTitle "EXT 2017"]
[Source "ChessBase"]
[SourceDate "2016.10.25"]
[SourceVersion "1"]
[SourceVersionDate "2016.10.25"]
[SourceQuality "1"]

1. e4 e5 2. Nf3 Nc6 3. Bb5 a6 4. Ba4 Nf6 5. 0-0 b5 6. Bb3 Be7 7. Re1 0-0 8. c3 d6 9. d3 Be6 10. Bc2 Nd7 11. d4 exd4 12. cxd4 Nb4 13. h3 f5 14. Bb3 Bc4 15. exf5 Nd3 16. Qxd3 d5 17. Bxc4 bxc4 18. Qe3 Kh8 19. Qxe7 1-0

[Event "Foment Martinenc op-A 18th"]
[Site "Barcelona"]
[Date "2016.05.14"]
[Round "4"]
[White "Aguadero Casado, Jorge Ignacio"]
[Black "Gonzalez Muelas, Javier"]
[Result "0-1"]
[WhiteElo "1663"]
[BlackElo "1711"]
[PlyCount "60"]
[EventDate "2016.04.23"]
[EventType "swiss"]
[EventRounds "9"]
[EventCountry "ESP"]
[SourceTitle "EXT 2017"]
[Source "ChessBase"]
[SourceDate "2016.10.25"]
[SourceVersion "1"]
[SourceVersionDate "2016.10.25"]
[SourceQuality "1"]

1. c4 e5 2. g3 Nc6 3. Nc3 Nf6 4. Bg2 Bc5 5. Nf3 0-0 6. 0-0 a6 7. d3 h6 8. Nxe5 Nxe5 9. d4 Nxc4 10. dxc5 Ne5 11. f4 Ng6 12. e4 Qe7 13. b4 d6 14. Nd5 Nxd5 15. exd5 dxc5 16. f5 Ne5 17. f6 Qd6 18. Bxh6 gxh6 19. Qh5 Kh7 20. Be4+ Ng6 21. Rf4 Re8 22. Rh4 Qf8 23. Re1 Bd7 24. g4 Rxe4 25. Rxe4 Nxh4 26. Qxh4 Re8 27. Re7 Rxe7 28. fxe7 Qg7 29. bxc5 Qd4+ 30. Qf2 Qxg4+ 0-1